| 000 -LEADER |
| fixed length control field |
00760nam a2200217Ia 4500 |
| 001 - CONTROL NUMBER |
| control field |
11305 |
| 003 - CONTROL NUMBER IDENTIFIER |
| control field |
GE_BSU |
| 008 - FIXED-LENGTH DATA ELEMENTS--GENERAL INFORMATION |
| fixed length control field |
181216s||||||||xx |||||||||||||| ||und|| |
| 040 ## - CATALOGING SOURCE |
| Transcribing agency |
GE_BSU |
| 080 ## - UNIVERSAL DECIMAL CLASSIFICATION NUMBER |
| Universal Decimal Classification number |
581.43 |
| 100 ## - MAIN ENTRY--PERSONAL NAME |
| Personal name |
ნაკაიძე ილია |
| 245 ## - TITLE STATEMENT |
| Title |
მცენარის კვების დიაგნოსტიკა |
| 245 ## - TITLE STATEMENT |
| Statement of responsibility, etc. |
რედ: თ. ჯინჯიხაშვილი, მხატვ: მ. კუხაშვილი |
| 260 ## - PUBLICATION, DISTRIBUTION, ETC. |
| Place of publication, distribution, etc. |
თბილისი |
| 260 ## - PUBLICATION, DISTRIBUTION, ETC. |
| Name of publisher, distributor, etc. |
საბჭოთა საქართველო |
| 260 ## - PUBLICATION, DISTRIBUTION, ETC. |
| Date of publication, distribution, etc. |
1977 |
| 300 ## - PHYSICAL DESCRIPTION |
| Extent |
158გვ.20სმ. |
| 300 ## - PHYSICAL DESCRIPTION |
| Accompanying material |
ცხრ. |
| 653 ## - INDEX TERM--UNCONTROLLED |
| Uncontrolled term |
მცენარის კვების დიაგნოსტიკა |
| 942 ## - ADDED ENTRY ELEMENTS (KOHA) |
| Koha item type |
წიგნი |